[Event "LSS CP-2008-P-00069"]
[Site "LSS email"]
[Date "2008.10.01"]
[Round "?"]
[White "Cellier, Cedric"]
[Black "Van Esbroeck, Jeff"]
[Result "0-1"]
[WhiteElo "896"]
[BlackElo "1784"]
[PlyCount "48"]
[EventDate "2008.10.01"]
[EventType "tourn (corr)"]
[EventRounds "6"]
[EventCountry "GER"]
[SourceTitle "Corr 2013"]
[Source "ChessBase"]
[SourceDate "2012.11.12"]
[SourceVersion "1"]
[SourceVersionDate "2012.11.12"]
[SourceQuality "1"]
[WhiteTeam "US of America"]
[BlackTeam "US of America"]
[WhiteTeamCountry "USA"]
[BlackTeamCountry "USA"]

1. e4 e5 2. Nf3 Nc6 3. Bb5 a6 4. Bxc6 dxc6 5. b3 Bd6 6. d3 Ne7 7. 0-0 0-0 8. Nbd2 b5 9. Bb2 Ng6 10. Bc3 f6 11. b4 Qe7 12. a3 c5 13. Re1 cxb4 14. axb4 Bxb4 15. Bxb4 Qxb4 16. Re3 Be6 17. c4 Nf4 18. g3 Nh3+ 19. Kg2 Rfd8 20. cxb5 axb5 21. Rb1 Qc5 22. Nb3 Qb6 23. d4 exd4 24. Nfxd4 c5 0-1

[Event "LSS RF-2008-0-00015"]
[Site "LSS email"]
[Date "2008.08.13"]
[Round "?"]
[White "Cellier, Cedric"]
[Black "Feng, Jason"]
[Result "1/2-1/2"]
[WhiteElo "860"]
[BlackElo "885"]
[PlyCount "120"]
[EventDate "2008.07.25"]
[EventType "tourn (corr)"]
[EventRounds "6"]
[EventCountry "GER"]
[SourceTitle "Corr 2013"]
[Source "ChessBase"]
[SourceDate "2012.11.12"]
[SourceVersion "1"]
[SourceVersionDate "2012.11.12"]
[SourceQuality "1"]

1. e4 e5 2. Nf3 Nc6 3. Bb5 a6 4. Bxc6 dxc6 5. Nxe5 Qd4 6. Nf3 Qxe4+ 7. Qe2 Qxe2+ 8. Kxe2 Bg4 9. Re1 0-0-0 10. Kf1 Bxf3 11. gxf3 Bd6 12. h3 Nf6 13. d3 Nd5 14. Bd2 Bf4 15. Be3 Bxe3 16. fxe3 Rhe8 17. e4 Nf4 18. h4 Ng6 19. Ke2 Nxh4 20. Rh1 g5 21. Nd2 f5 22. Raf1 f4 23. Kf2 Rh8 24. Nc4 Ng6 25. Rh5 h6 26. Rfh1 Nh4 27. Ne5 Rdf8 28. R1xh4 gxh4 29. Ng6 Re8 30. Nxh8 Rxh8 31. Rxh4 Kd7 32. Rxf4 Ke6 33. d4 h5 34. c4 h4 35. Kg2 b5 36. c5 Rd8 37. Rxh4 Rxd4 38. Kg3 Rc4 39. Rh6+ Kd7 40. Rh7+ Kd8 41. e5 Rxc5 42. f4 Rc2 43. Rh2 Rc4 44. Kg4 Ke7 45. Kf5 Rd4 46. Rc2 Kd7 47. e6+ Ke7 48. Rxc6 Rd5+ 49. Ke4 Rh5 50. Rxa6 Rc5 51. b3 Kf6 52. f5 Re5+ 53. Kd4 c5+ 54. Kd3 Rd5+ 55. Kc3 Rxf5 56. Rc6 Ke7 57. Rb6 Rf3+ 58. Kd2 Rf2+ 59. Ke3 Rxa2 60. Ke4 c4 1/2-1/2

[Event "LSS RF-2008-0-00015"]
[Site "LSS email"]
[Date "2008.08.13"]
[Round "?"]
[White "Cellier, Cedric"]
[Black "Znak, Nicholas"]
[Result "1-0"]
[WhiteElo "860"]
[BlackElo "827"]
[PlyCount "81"]
[EventDate "2008.07.25"]
[EventType "tourn (corr)"]
[EventRounds "6"]
[EventCountry "GER"]
[SourceTitle "Corr 2013"]
[Source "ChessBase"]
[SourceDate "2012.11.12"]
[SourceVersion "1"]
[SourceVersionDate "2012.11.12"]
[SourceQuality "1"]

1. e4 e5 2. Nf3 Nc6 3. Bb5 a6 4. Ba4 Nf6 5. c3 b5 6. Bb3 Be7 7. d4 d6 8. 0-0 0-0 9. h3 Bb7 10. Ng5 Qc8 11. Re1 h6 12. Nf3 Na5 13. dxe5 Nxe4 14. Bd5 Ng5 15. Nxg5 hxg5 16. Bxg5 Bxg5 17. e6 Kh8 18. Qh5+ Bh6 19. e7 Bxd5 20. exf8Q+ Qxf8 21. Qxd5 Nc4 22. a4 Nb6 23. Qc6 Rc8 24. a5 Nc4 25. Ra2 Bf4 26. g3 Be5 27. b3 Qd8 28. bxc4 bxc4 29. Qxa6 Qd7 30. Qxc4 g6 31. Re4 Kg7 32. h4 f5 33. Re1 f4 34. Rd2 fxg3 35. f3 Rh8 36. Rxe5 Rf8 37. Qd4 Kh7 38. Rde2 Rf7 39. Re8 Rg7 40. Qg4 Qb5 41. Qc8 1-0

[Event "LSS RN-2008-0-00146"]
[Site "LSS email"]
[Date "2008.08.08"]
[Round "?"]
[White "Cellier, Cedric"]
[Black "Petidis, Kostas"]
[Result "1-0"]
[WhiteElo "811"]
[BlackElo "681"]
[PlyCount "91"]
[EventDate "2008.07.27"]
[EventType "tourn (corr)"]
[EventRounds "6"]
[EventCountry "GER"]
[SourceTitle "Corr 2011"]
[Source "ChessBase"]
[SourceDate "2010.08.31"]
[SourceVersion "1"]
[SourceVersionDate "2010.08.31"]
[SourceQuality "1"]

1. e4 c5 2. Nc3 Nc6 3. Bc4 d6 4. Nf3 Bg4 5. 0-0 Nf6 6. Bb5 g6 7. d4 Bg7 8. Qd3 cxd4 9. Nxd4 Bd7 10. Be3 0-0 11. Rfe1 a6 12. Ba4 b5 13. Bb3 Rc8 14. a4 b4 15. Nd5 a5 16. h3 Ne5 17. Qd1 Nc6 18. Nxc6 Bxc6 19. Bb6 Qd7 20. Bxa5 Bxd5 21. exd5 Rb8 22. Qd2 Qb7 23. Re2 Rfe8 24. Bc4 Rec8 25. Bb5 Nxd5 26. Rb1 Kf8 27. Bxb4 Nxb4 28. Qxb4 Qb6 29. c3 Kg8 30. Rxe7 Bf8 31. Re2 d5 32. Qd4 Rd8 33. Qxb6 Rxb6 34. Rd1 Bg7 35. Rde1 d4 36. Re8+ Rxe8 37. Rxe8+ Bf8 38. cxd4 Kg7 39. g4 Bb4 40. Bc4 Rf6 41. Kg2 Rf4 42. Rd8 Ba5 43. Kg3 g5 44. Rd5 Be1 45. Rxg5+ Kf8 46. Kxf4 1-0

[Event "LSS RN-2008-0-00146"]
[Site "LSS email"]
[Date "2008.08.08"]
[Round "?"]
[White "Pehl, Ferenc"]
[Black "Cellier, Cedric"]
[Result "0-1"]
[WhiteElo "829"]
[BlackElo "811"]
[PlyCount "74"]
[EventDate "2008.07.27"]
[EventType "tourn (corr)"]
[EventRounds "6"]
[EventCountry "GER"]
[SourceTitle "Corr 2011"]
[Source "ChessBase"]
[SourceDate "2010.08.31"]
[SourceVersion "1"]
[SourceVersionDate "2010.08.31"]
[SourceQuality "1"]

1. e4 e5 2. Nf3 Nc6 3. Bb5 Bc5 4. h3 Nf6 5. d3 b6 6. Bxc6 dxc6 7. 0-0 Qd6 8. Be3 Ba6 9. Bxc5 Qxc5 10. Nc3 0-0-0 11. Re1 h6 12. a3 g5 13. Qd2 g4 14. hxg4 Nxg4 15. Nh2 h5 16. Nxg4 hxg4 17. Qe3 Qe7 18. Qg3 Kb8 19. Qxg4 Bc8 20. Qe2 Qh4 21. f3 Rdg8 22. Qf1 Bh3 23. Re2 Bxg2 24. Rxg2 Qh1+ 25. Kf2 Rxg2+ 26. Qxg2 Qxa1 27. Na4 Qd1 28. Ke3 Kb7 29. Qd2 Qxd2+ 30. Kxd2 Rh2+ 31. Kd1 Rf2 32. Nc3 Rxf3 33. Ke2 Rh3 34. b3 b5 35. Na2 Rh2+ 36. Kd1 Rh1+ 37. Kd2 Ra1 0-1

[Event "LSS RN-2008-0-00144"]
[Site "LSS email"]
[Date "2008.07.25"]
[Round "?"]
[White "Hernandez, Yordan"]
[Black "Cellier, Cedric"]
[Result "1-0"]
[WhiteElo "908"]
[BlackElo "860"]
[PlyCount "63"]
[EventDate "2008.07.17"]
[EventType "tourn (corr)"]
[EventRounds "6"]
[EventCountry "GER"]
[SourceTitle "Corr 2015"]
[Source "ChessBase"]
[SourceDate "2015.07.17"]
[SourceVersion "1"]
[SourceVersionDate "2015.07.17"]
[SourceQuality "1"]

1. e4 e5 2. Nf3 Nc6 3. Bb5 Nf6 4. 0-0 Be7 5. Re1 0-0 6. c3 d5 7. exd5 Qxd5 8. Bxc6 bxc6 9. Rxe5 Qd6 10. d4 Ng4 11. Re1 Rb8 12. Qe2 Re8 13. h3 Nf6 14. Qe5 Rb5 15. Qxd6 cxd6 16. c4 Rb4 17. b3 d5 18. Ba3 Rb7 19. Bxe7 Rbxe7 20. Nbd2 Bf5 21. Ne5 g6 22. g4 Bd7 23. Re3 c5 24. Nxd7 Rxd7 25. Rxe8+ Nxe8 26. Re1 Nf6 27. dxc5 d4 28. c6 Rc7 29. Nf3 Rxc6 30. Nxd4 Rc7 31. Nb5 Rd7 32. c5 1-0

[Event "LSS RN-2008-0-00144"]
[Site "LSS email"]
[Date "2008.07.25"]
[Round "?"]
[White "McDaniel, Jeff"]
[Black "Cellier, Cedric"]
[Result "0-1"]
[WhiteElo "709"]
[BlackElo "780"]
[PlyCount "58"]
[EventDate "2008.07.17"]
[EventType "tourn (corr)"]
[EventRounds "6"]
[EventCountry "GER"]
[SourceTitle "Corr 2011"]
[Source "ChessBase"]
[SourceDate "2010.08.31"]
[SourceVersion "1"]
[SourceVersionDate "2010.08.31"]
[SourceQuality "1"]

1. d4 Nf6 2. c4 d5 3. Nf3 Bf5 4. Nc3 e6 5. Bg5 Nbd7 6. cxd5 exd5 7. Nxd5 c6 8. Nxf6+ Nxf6 9. e3 Bg4 10. h3 Bb4+ 11. Ke2 Bf5 12. a3 Bd6 13. Ne5 0-0 14. Nc4 Re8 15. Nxd6 Qxd6 16. Qb3 Qxd4 17. Rd1 Qe5 18. Bf4 Qxf4 19. g3 Qh6 20. Bg2 Ne4 21. g4 Qh4 22. Rdf1 Rad8 23. gxf5 Rd2+ 24. Ke1 Rxf2 25. Kd1 Rxg2 26. Rf4 Qg5 27. Qd3 Rd2+ 28. Qxd2 Nxd2 29. Kxd2 Qg2+ 0-1

[Event "LSS ZN-2008-0-00475"]
[Site "LSS email"]
[Date "2008.07.20"]
[Round "?"]
[White "Cellier, Cedric"]
[Black "Trevis, Robert R"]
[Result "0-1"]
[WhiteElo "780"]
[BlackElo "829"]
[PlyCount "46"]
[EventDate "2008.07.18"]
[EventType "match (corr)"]
[EventRounds "2"]
[EventCountry "GER"]
[SourceTitle "Corr 2011"]
[Source "ChessBase"]
[SourceDate "2010.08.31"]
[SourceVersion "1"]
[SourceVersionDate "2010.08.31"]
[SourceQuality "1"]

1. e4 e5 2. f4 exf4 3. Nf3 g5 4. b3 Bg7 5. Nc3 g4 6. d4 gxf3 7. Qxf3 Nc6 8. Bc4 Nxd4 9. Qh5 Nxc2+ 10. Kd2 Qf6 11. e5 Qg6 12. Qxg6 hxg6 13. Kxc2 Bxe5 14. Re1 d6 15. Bxf4 Bf5+ 16. Kb2 0-0-0 17. Bxe5 dxe5 18. Rxe5 Rxh2 19. Bxf7 Rxg2+ 20. Ka3 Nf6 21. Rae1 Rdd2 22. Be6+ Bxe6 23. Rxe6 Rgf2 0-1

[Event "LSS SN-2008-0-00107"]
[Site "LSS email"]
[Date "2008.07.18"]
[Round "?"]
[White "Cellier, Cedric"]
[Black "Hughes, Chris"]
[Result "1/2-1/2"]
[WhiteElo "860"]
[BlackElo "673"]
[PlyCount "99"]
[EventDate "2008.07.15"]
[EventType "tourn (corr)"]
[EventRounds "6"]
[EventCountry "GER"]
[SourceTitle "Corr 2015"]
[Source "ChessBase"]
[SourceDate "2015.07.17"]
[SourceVersion "1"]
[SourceVersionDate "2015.07.17"]
[SourceQuality "1"]

1. d4 Nf6 2. Nc3 d5 3. Nf3 Bf5 4. Bf4 e6 5. e3 Bb4 6. Bd3 Ne4 7. Bxe4 Bxe4 8. 0-0 Bf5 9. a3 Bxc3 10. bxc3 0-0 11. Ne5 f6 12. Nd3 Nd7 13. Qf3 b6 14. Qg3 Qe7 15. Nb4 e5 16. dxe5 fxe5 17. Bg5 Qf7 18. Rfd1 h6 19. Bxh6 Bg6 20. h4 Nf6 21. Bg5 Ne4 22. Qxe5 Qxf2+ 23. Kh2 Rf5 24. Qxc7 Nxg5 25. hxg5 Qh4+ 26. Kg1 Qf2+ 27. Kh1 Qh4+ 28. Qh2 Qxg5 29. Qh3 Bf7 30. Rd4 Re8 31. Rh4 Bh5 32. Rf4 Ref8 33. Raf1 Rxf4 34. Rxf4 Rxf4 35. exf4 Qxf4 36. Qxh5 Qc1+ 37. Kh2 Qf4+ 38. g3 Qf2+ 39. Kh3 Qf1+ 40. Kh4 Qh1+ 41. Kg4 Qe4+ 42. Kh3 Qh1+ 43. Kg4 Qe4+ 44. Kg5 Qe5+ 45. Kh4 Qe4+ 46. Qg4 Qh1+ 47. Qh3 Qe4+ 48. g4 Qe1+ 49. Qg3 Qh1+ 50. Qh3 1/2-1/2

[Event "LSS RN-2008-0-00134"]
[Site "LSS email"]
[Date "2008.05.22"]
[Round "?"]
[White "Dieken, Thorsten"]
[Black "Cellier, Cedric"]
[Result "1-0"]
[WhiteElo "800"]
[BlackElo "662"]
[PlyCount "33"]
[EventDate "2008.05.12"]
[EventType "tourn (corr)"]
[EventRounds "6"]
[EventCountry "GER"]
[SourceTitle "Corr 2011"]
[Source "ChessBase"]
[SourceDate "2010.08.31"]
[SourceVersion "1"]
[SourceVersionDate "2010.08.31"]
[SourceQuality "1"]

1. e4 e5 2. f4 exf4 3. Nf3 Nf6 4. Nc3 Bb4 5. e5 Qe7 6. Qe2 Ng4 7. Nd5 Qc5 8. Qc4 Qxc4 9. Bxc4 Ba5 10. h3 Ne3 11. Nxc7+ Kf8 12. Nxa8 Nxc2+ 13. Kd1 Nxa1 14. b4 Bd8 15. b5 Ba5 16. Ba3+ Kg8 17. Ng5 1-0

[Event "LSS RN-2008-0-00134"]
[Site "LSS email"]
[Date "2008.05.22"]
[Round "?"]
[White "Nistri, Paolo"]
[Black "Cellier, Cedric"]
[Result "0-1"]
[WhiteElo "914"]
[BlackElo "662"]
[PlyCount "30"]
[EventDate "2008.05.12"]
[EventType "tourn (corr)"]
[EventRounds "6"]
[EventCountry "GER"]
[SourceTitle "Corr 2011"]
[Source "ChessBase"]
[SourceDate "2010.08.31"]
[SourceVersion "1"]
[SourceVersionDate "2010.08.31"]
[SourceQuality "1"]

1. d4 d5 2. Nf3 Bg4 3. e3 g6 4. Bd3 Bg7 5. Nbd2 e6 6. c3 Nc6 7. Qc2 a6 8. 0-0 f5 9. h3 Bh5 10. Re1 Qd6 11. Be2 0-0-0 12. Ng5 Nh6 13. Bxh5 gxh5 14. Qd1 h4 15. Qh5 Qe7 0-1

[Event "LSS ZN-2008-0-00462"]
[Site "LSS email"]
[Date "2008.05.15"]
[Round "?"]
[White "Cellier, Cedric"]
[Black "Ong, Allan C"]
[Result "1-0"]
[WhiteElo "652"]
[BlackElo "833"]
[PlyCount "47"]
[EventDate "2008.05.13"]
[EventType "match (corr)"]
[EventRounds "2"]
[EventCountry "GER"]
[SourceTitle "Corr 2011"]
[Source "ChessBase"]
[SourceDate "2010.08.31"]
[SourceVersion "1"]
[SourceVersionDate "2010.08.31"]
[SourceQuality "1"]

1. d4 d5 2. c4 e5 3. e3 exd4 4. exd4 Nf6 5. Bg5 Be7 6. Nf3 Bg4 7. h3 Bh5 8. Qb3 Qc8 9. cxd5 Ne4 10. Bxe7 Kxe7 11. Qe3 f5 12. g4 Bg6 13. Bd3 Re8 14. 0-0 Kf8 15. Ne5 Nd7 16. f3 Nd6 17. Nc3 Nf7 18. Qf4 Ndxe5 19. dxe5 Rxe5 20. Rac1 h5 21. Nb5 hxg4 22. fxg4 Rxd5 23. Bxf5 Bxf5 24. Nxc7 1-0

[Event "LSS SN-2008-0-00097"]
[Site "LSS email"]
[Date "2008.05.14"]
[Round "?"]
[White "Lam, Simon"]
[Black "Cellier, Cedric"]
[Result "1-0"]
[WhiteElo "800"]
[BlackElo "652"]
[PlyCount "33"]
[EventDate "2008.05.01"]
[EventType "tourn (corr)"]
[EventRounds "6"]
[EventCountry "GER"]
[SourceTitle "Corr 2011"]
[Source "ChessBase"]
[SourceDate "2010.08.31"]
[SourceVersion "1"]
[SourceVersionDate "2010.08.31"]
[SourceQuality "1"]

1. e4 e5 2. Nf3 Nc6 3. Bc4 Nf6 4. d4 Qe7 5. 0-0 Nxe4 6. Re1 Nf6 7. dxe5 Ng4 8. Bg5 Qc5 9. Qe2 Be7 10. Bxe7 Nxe7 11. Nbd2 0-0 12. h3 Nh6 13. Ne4 Qc6 14. Neg5 d5 15. exd6 cxd6 16. Qd3 g6 17. Rxe7 1-0

[Event "LSS SN-2008-0-00094"]
[Site "LSS email"]
[Date "2008.04.17"]
[Round "?"]
[White "Cellier, Cedric"]
[Black "Lanier, Jeff"]
[Result "0-1"]
[WhiteElo "616"]
[BlackElo "859"]
[PlyCount "50"]
[EventDate "2008.04.08"]
[EventType "tourn (corr)"]
[EventRounds "6"]
[EventCountry "GER"]
[SourceTitle "Corr 2011"]
[Source "ChessBase"]
[SourceDate "2010.08.31"]
[SourceVersion "1"]
[SourceVersionDate "2010.08.31"]
[SourceQuality "1"]

1. d4 d5 2. Bf4 Nf6 3. e3 a6 4. g3 Nc6 5. Bg2 h6 6. Nc3 e6 7. Qd2 Nh5 8. 0-0-0 Nxf4 9. exf4 Qf6 10. Nge2 Bd6 11. h4 Bd7 12. b3 0-0-0 13. Kb1 Qe7 14. Na4 Na7 15. f5 Bxa4 16. bxa4 Bb4 17. Qd3 Ba3 18. Qb3 Qb4 19. Rd3 Nc6 20. fxe6 fxe6 21. Nf4 Rhe8 22. Rhd1 Na5 23. Qxb4 Bxb4 24. Re3 Rd6 25. Kb2 Nc4+ 0-1

[Event "LSS OP-2008-0-00500"]
[Site "LSS email"]
[Date "2008.03.21"]
[Round "?"]
[White "Cellier, Cedric"]
[Black "Bester, Kazimierz"]
[Result "1/2-1/2"]
[WhiteElo "656"]
[BlackElo "713"]
[PlyCount "115"]
[EventDate "2008.03.17"]
[EventType "tourn (corr)"]
[EventRounds "4"]
[EventCountry "GER"]
[SourceTitle "Corr 2011"]
[Source "ChessBase"]
[SourceDate "2010.08.31"]
[SourceVersion "1"]
[SourceVersionDate "2010.08.31"]
[SourceQuality "1"]

1. e4 d6 2. c4 c5 3. Nc3 Nf6 4. Be2 Nc6 5. Nf3 Nd4 6. 0-0 Nxe2+ 7. Qxe2 Bg4 8. e5 dxe5 9. Qxe5 Bxf3 10. gxf3 e6 11. d3 Bd6 12. Qg5 0-0 13. Ne2 Qc7 14. Qg2 Kh8 15. Kh1 Rg8 16. f4 Raf8 17. b3 b6 18. Qg5 Be7 19. Ng3 Ne4 20. Qg4 Nf6 21. Qf3 g6 22. Rg1 a5 23. Bb2 Rd8 24. Rad1 Rge8 25. Ne4 Kg7 26. Qg4 Qc6 27. f5 exf5 28. Qxf5 Kf8 29. Qf3 Nxe4 30. dxe4 Rxd1 31. Rxd1 Bg5 32. Rd5 Bh6 33. Qd3 Bg7 34. Rd6 Qb7 35. Bxg7+ Kxg7 36. Qd5 Qc7 37. f3 Re7 38. e5 Qb7 39. f4 Qa7 40. a4 Qb7 41. Kg2 Qb8 42. Kg3 Qa7 43. h4 Qb7 44. Qxb7 Rxb7 45. Kg4 Kf8 46. Kg5 Kg7 47. h5 gxh5 48. Kxh5 Rb8 49. Kg5 Rb7 50. f5 Kf8 51. Kf6 Ke8 52. Kg5 Kf8 53. f6 Rb8 54. Kh6 Kg8 55. e6 fxe6 56. Rxe6 Rb7 57. Rd6 Kf8 58. Kg5 1/2-1/2

[Event "LSS OP-2008-0-00497"]
[Site "LSS email"]
[Date "2008.03.14"]
[Round "?"]
[White "Cellier, Cedric"]
[Black "Weiss, Frederic J Marie"]
[Result "1/2-1/2"]
[WhiteElo "800"]
[BlackElo "1158"]
[PlyCount "152"]
[EventDate "2008.03.13"]
[EventType "tourn (corr)"]
[EventRounds "4"]
[EventCountry "GER"]
[SourceTitle "Corr 2011"]
[Source "ChessBase"]
[SourceDate "2010.08.31"]
[SourceVersion "1"]
[SourceVersionDate "2010.08.31"]
[SourceQuality "1"]

1. d4 d5 2. Bf4 Bg4 3. h3 Bf5 4. e3 Nf6 5. Nf3 c6 6. Bd3 Bxd3 7. Qxd3 Nbd7 8. 0-0 e6 9. Nbd2 Be7 10. c4 0-0 11. Rac1 Rc8 12. e4 Nxe4 13. Nxe4 dxe4 14. Qxe4 Nf6 15. Qe3 Re8 16. a3 a5 17. Rfe1 Bf8 18. c5 Nd5 19. Qe4 Nf6 20. Qe5 Qd5 21. Re2 Qxe5 22. Nxe5 Nd5 23. Bd2 g6 24. Bxa5 Nf4 25. Re4 Bh6 26. Rd1 Nd5 27. Nc4 Bf8 28. Nb6 Nxb6 29. Bxb6 Re7 30. Ba5 Rd7 31. Bd2 Rcd8 32. Bg5 Be7 33. Bxe7 Rxe7 34. b4 Ra8 35. Rd3 Ree8 36. Ree3 Red8 37. Kh2 Rd5 38. Re5 Rad8 39. Rxd5 Rxd5 40. f4 Kg7 41. g4 f6 42. Re3 Rxd4 43. Rxe6 Kf7 44. Rd6 Rxd6 45. cxd6 Ke6 46. Kg3 Kxd6 47. f5 g5 48. h4 h6 49. hxg5 hxg5 50. Kf3 Kd5 51. Ke3 Kc4 52. Ke4 Kb3 53. Kd4 Kxa3 54. Kc4 Ka4 55. Kc5 b5 56. Kd6 Kxb4 57. Ke6 c5 58. Kxf6 c4 59. Kg6 c3 60. f6 c2 61. f7 c1Q 62. f8Q+ Qc5 63. Qf5 Kc4 64. Kxg5 b4 65. Kh6 b3 66. Qf1+ Kb4 67. Qe1+ Qc3 68. Qe4+ Ka3 69. Qe7+ Kb2 70. g5 Kc1 71. g6 b2 72. Qg5+ Kc2 73. g7 b1Q 74. g8Q Qh3+ 75. Qh5 Qc1+ 76. Qgg5 Qxg5+ 1/2-1/2